Business listening and speaking (Pre-intermediate)

Guardado en:
Detalles Bibliográficos
Autor principal: David Riley
Formato: Libro
Lenguaje:Undetermined
Publicado: Essex, UK Longman 1999
Materias:
Etiquetas: Agregar Etiqueta
Sin Etiquetas, Sea el primero en etiquetar este registro!
Thư viện lưu trữ: Trung tâm Học liệu Trường Đại học Cần Thơ
LEADER 00641nam a2200193Ia 4500
001 CTU_35182
008 210402s9999 xx 000 0 und d
020 |b 33.000đ 
082 |a 428.24 
082 |b B979p 
100 |a David Riley 
245 0 |a Business listening and speaking (Pre-intermediate) 
245 0 |c David Riley 
260 |a Essex, UK 
260 |b Longman 
260 |c 1999 
650 |a english language - spoken english - problems, exercises, etc,english language - textbooks for foreign speakers,listening - problems, exercises, etc 
904 |i Minh, 000222 
980 |a Trung tâm Học liệu Trường Đại học Cần Thơ